Správanie slovenského E-consumera diplomová práca

Saved in:
Bibliographic Details
Main Author: Jánošíková, Natália
Corporate Author: Obchodná fakulta EU. Katedra marketingu
Other Authors: Kita, Pavol
Format: Book
Language:Slovak
Published: Bratislava 2014
Tags: Add Tag
No Tags, Be the first to tag this record!

MARC

LEADER 00000nbm a2200000 4500
001 0186064
005 20170201094719.1
041 0 |a slo 
044 |a SK 
245 1 0 |a Správanie slovenského E-consumera  |b diplomová práca  |c Natália Jánošíková ; školiteľ: Pavol Kita 
264 1 |a Bratislava  |c 2014 
300 |a 95 s. 
100 1 |a Jánošíková, Natália 
700 1 |a Kita, Pavol 
710 2 |a Obchodná fakulta EU. Katedra marketingu